000
00275nam a22001217a 4500
008
170412b xxu||||| |||| 00| 0 eng d
041
_a
eng
080
_a
612.39
100
_a
10
101
_a
shm
245
_a
NUTRITION AND MEDICAL PRACTICE
_c
BARNESS, L.A
942
_2
udc
_c
BK
999
_c
10459
_d
10459